Kalmár László kínai nyelvű levéltervezetei
1., Levéltervezet Wang Huiling sanghaji angol tolmácsnak. (Köszönet az ajándékért, amely Mao Ce-tung 19 versének angol fordítása. Ugyanezt korábban megkapta az akadémia Matematikai-logikai Kutatóintézetének munkatársaitól kínaiul. Továbbá személyes köszönet Wang asszonynak) K. n. ; 2., Hua Luogeng-n...
Elmentve itt :
| Szerző: | |
|---|---|
| Dokumentumtípus: | Kézirat |
| Kulcsszavak: | Levelezés - Kalmár László - többek |
| Online Access: | http://misc.bibl.u-szeged.hu/57293 |
| LEADER | 01699ntm a2200169 i 4500 | ||
|---|---|---|---|
| 001 | misc57293 | ||
| 005 | 20200923170434.0 | ||
| 008 | 200915suuuu hu o 0|| chi d | ||
| 040 | |a SZTE Miscellanea Repozitórium |b hun | ||
| 041 | |a chi | ||
| 100 | 1 | |a Kalmár László | |
| 245 | 1 | 0 | |a Kalmár László kínai nyelvű levéltervezetei |h [elektronikus dokumentum] / |c Kalmár László |
| 300 | |a 14 fol. |c 21 x 16 cm | ||
| 520 | 3 | |a 1., Levéltervezet Wang Huiling sanghaji angol tolmácsnak. (Köszönet az ajándékért, amely Mao Ce-tung 19 versének angol fordítása. Ugyanezt korábban megkapta az akadémia Matematikai-logikai Kutatóintézetének munkatársaitól kínaiul. Továbbá személyes köszönet Wang asszonynak) K. n. ; 2., Hua Luogeng-nek írott levél fogalmazványa (máshol más változatban is szerepel) 1959. március 10. ; 3., Levéltervezet Hu Shihua matematikai logikus professzornak. K. n. ; 4., A levél eleje hiányzik, a végén olvasható címzett: Wang Huiling angol tolmács. 1959. márc. 17. ; 5., Levélfogalmazvány Wang Huiling-nek. (K. L. fényképet szeretne küldeni, de a levél-súlykorlátozás miatt nem tud) A levél vége hiányzik. K. n. ; 6., Levéltervezet Wu Yunzeng matematikusnak, (angol tolmács K. L. előadásait fordítója. K. L. tudatja, hogy normál (nem légiposta) levélben elküldte varsói előadásának kéziratát és lipcsei előadásának kivonatát) K. n. A leveleket K. L. Kínából való hazaérkezése után maga fogalmazta szótár segítségével. | |
| 561 | |a Kalmár László kínai hagyaték | ||
| 695 | |a Levelezés - Kalmár László - többek | ||
| 856 | 4 | 0 | |u http://misc.bibl.u-szeged.hu/57293/1/kalmar_jegyzet_022.pdf |z Dokumentum-elérés |